1 animal, 1 lettre - Statistiques

Statistiques générales
  • Ce quiz a été pris 97 fois
  • Le résultat moyen est 10 sur 10
Statistiques - réponses
Hint Réponse % Correct
Renard Regard
99%
Tapir Taper
99%
Souris Soumis
98%
Vison Tison
98%
Tortue Tordue
98%
Renne Benne
97%
Lion Lien
97%
Sole Sale
96%
Morse Corse
94%
Perche Porche
94%
Aucun quiz correspondant
Distribution des résultats
% des personnes avec chaque résultat
Percentile par nombre de réponses
Votre historique - résultats
Vous n’avez pas pris ce quiz